000 00313nam a2200133Ia 4500
005 20251222141931.0
008 251222s9999||||xx |||||||||||||| ||spa||
020 _a84-86761-30-1
082 _a005.13/B76
100 _aBotti, M.
245 0 _aCurso Práctico de Programación:
264 _bJackson
942 _cLIB
999 _c9033
_d9033